Biblioteca

¡Dejemos que Jesús sea Jesús! (Registro nro. 66864)

Detalles MARC
000 -LÍDER
Campo fijo de descripción fija 01279cab a2200253 i 4500
001 - NÚMERO DE CONTROL
Campo de control 768714001
003 - IDENTIFICADOR DEL NÚMERO DE CONTROL
Campo de control CO-MdFUSB
005 - FECHA Y HORA DE LA ULTIMA TRANSACCIÓN
control field 20240424144538.0
008 - ELEMENTOS DE LONGITUD FIJA -- INFORMACIÓN GENERAL
Campo fijo de descripción fija -- Información general 210827s2004 cr ||||| |||| 00| 0 spa d
022 ## - NÚMERO INTERNACIONAL NORMALIZADO PARA PUBLICACIONES SERIADAS
Número Internacional Normalizado para Publicaciones Seriadas 14091968
040 ## - FUENTE DE CATALOGACIÓN
Idioma de catalogación spa
Agencia que realiza la transcripción CO-MdFUSB
041 ## - CÓDIGO DE IDIOMA
Código de idioma para texto/pista de sonido o título separado spa
100 ## - ASIENTO PRINCIPAL--NOMBRE PERSONAL
Nombre personal Shaw, Christopher A.
Término relacionador autor
245 ## - TÍTULO
Título ¡Dejemos que Jesús sea Jesús!
Mención de responsabilidad / Christopher Shaw
300 ## - DESCRIPCIÓN FÍSICA
Extensión Volumen 21, número 4 (julio - septiembre, 2004), página: 6
Dimensiones ; 27 cm
520 ## - NOTA DE RESUMEN, ETC.
Nota de sumario, etc. La más genuina descripción que tenemos de su persona es la que acompaño su primera aparición en Nazaret. Tomando el rollo que le extendió el asistente de la sinagoga, utilizó el texto de Isaías 61 para anunciar las características de su misión. Los que lo oyeron "hablaban bien" de Él, y maravillados de las palabras llenas de gracia que salan de su boca, decían: "¿no es este el hijo de José"?
650 #7 - ASIENTO SECUNDARIO DE MATERIA - TERMINO TEMÁTICO
9 (RLIN) 239
Término temático o nombre geográfico como elemento de entrada Cristología
690 ## - CAMPO LOCAL DE ACCESO TEMÁTICO
Término temático o nombre geográfico como elemento de entrada Vida de Jesús
690 ## - CAMPO LOCAL DE ACCESO TEMÁTICO
Término temático o nombre geográfico como elemento de entrada Cristología
700 ## - ENTR. SECUNDARIA - Nombre Personal (R)
Nombre de persona Shaw, Christopher A.
773 0# - ASIENTO DE ITEM FUENTE
Título Apuntes Pastorales
Biblionumber 49442
Itemnumber 60142
Parte(s) relacionada(s) / Volumen., número. (mes año), páginas Volumen 21, número 4 (julio - septiembre, 2004), página: 6
Enumeración y primera página página: 6
773 0# - ASIENTO DE ITEM FUENTE
Título Apuntes Pastorales
Biblionumber 49442
Itemnumber 60188
Parte(s) relacionada(s) / Volumen., número. (mes año), páginas Volumen 21, número 4 (julio - septiembre, 2004), página: 6
Enumeración y primera página página: 6
942 ## - TIPO DE MATERIAL (KOHA)
Tipo de Item KOHA Artículos de Revista

No hay ítems disponibles.

Biblioteca FUSBC | Teléfono: (57+4) 349 88 10 Ext. 141| WhatsApp (+57) 3005338115 
E-mail: biblioteca@unisbc.edu.co | Calle 76 87-14 Robledo Palenque, Medellín, Colombia

Con tecnología Koha